LEADER 01426nam a2200337 a 4500 001 000000125129 003 CaOOAMICUS 005 20110428104634.0 008 110428t2011 it u000 u ita r 020 $a978-88-10-45007-9 040 $aPUL$bita 082 04$a262.2 100 1 $aZiviani, Giampietro.$0(OLS)http://pul/name/79095 245 14$aUna Chiesa di popolo :$bla parrocchia nel Vaticano II /$cGiampietro Ziviani ; prefazione di mons. Franco Giulio Brambilla. 260 $aBologna :$bEDB,$c©2011. 300 $a305 p. ;$c24 cm 490 1 $aBiblioteca di Teologia dell'Evangelizzazione ;$v7 500 $aInclude indice. 504 $aBibliografia p. 283-293. 650 4$aParrocchie$zItalia.$0(OLS)http://pul/subject/34011 700 1 $aBrambilla, Franco Giulio,$d1949-$0(OLS)http://pul/name/11838 830 0$aBiblioteca di Teologia dell'Evangelizzazione ;$v7.$0(OLS)http://pul/title/115988 850 $aPUL 852 $aPUL$W1$xSL Religione 3$y85$m262. 2 ZIVGI 1$j144050$qDDC 21$B143106$CPULBib$Z2$F143106 $H116704 $82 941 1 $a9 983 0$aBTE. 996 $6020$a978-88-10-45007-9$9(OLS)http://pul/number/146985 996 $6082$a262.2$9(OLS)http://pul/classification/1971 996 $6245$aUna Chiesa di popolo :$bla parrocchia nel Vaticano II$9(OLS)http://pul/title/157749 996 $6260$aBologna :$bEDB$9(OLS)http://pul/publisher/56073 LEADER 01582nam a2200337 a 4500 001 000000135688 003 CaOOAMICUS 005 20131009094344.0 008 131009s2012 fr u000 u fre r 020 $z9782728804818* 040 $aPUL$bita 082 04$a270 245 04$aLes chrétiens et l'Hellénisme :$bidentités religieuses et culture grecque dans l'Antiquité tardive /$ctextes e?dite? par Arnaud Perrot. 260 $aParis :$bEditions Rue d'Ulm,$c©2012. 300 $a275 p. ;$c24 cm 490 1 $aEtudes de littérature ancienne ;$v20 504 $aBibliografia p. 241-266. 650 4$aCristianesimo e altre religioni$zGrecia$yca. 30-600.$0(OLS)http://pul/subject/39820 650 4$aPatrologia greca.$0(OLS)http://pul/subject/36779 650 4$aPadri della Chiesa greci.$0(OLS)http://pul/subject/36780 651 4$aGrecia$xReligione.$0(OLS)http://pul/subject/206 700 1 $aPerrot, Arnaud.$0(OLS)http://pul/name/87365 830 0$aEtudes de littérature ancienne ;$v20.$0(OLS)http://pul/title/171548 850 $aPUL 852 $aPUL$W1$xSL Religione 3$y85$m270 PERAR 1$j156482$qDDC 21$B155828$CPULBib$Z2$F155828 $H122911 $82 941 1 $a9 996 $6020$z9782728804818*$9(OLS)http://pul/number/153667 996 $6082$a270$9(OLS)http://pul/classification/472 996 $6245$aLes chrétiens et l'Hellénisme :$bidentités religieuses et culture grecque dans l'Antiquité tardive$9(OLS)http://pul/title/171547 996 $6260$aParis :$bEditions Rue d'Ulm$9(OLS)http://pul/publisher/82509